| 000 | 00724nam a2200253 a 4500 | ||
|---|---|---|---|
| 001 | 21551 | ||
| 003 | BD-RjUL | ||
| 005 | 20211209000711.0 | ||
| 008 | 160830m19641953nyu 001 0 eng | ||
| 020 | _a070542317 | ||
| 035 | _a(BD-RjUL)21615 | ||
| 040 |
_aDLC _cDLC _dDLC _dBD-RjUL _beng |
||
| 041 | _aeng | ||
| 082 | 0 | 0 |
_a515 _bRUP 1964 _223 |
| 100 | 1 |
_aRudin, Walter _920788 |
|
| 245 | 1 | 0 |
_aPrinciples of mathematical analysis / _cwalter Rudin |
| 250 | _a2d ed. | ||
| 260 |
_aNew York : _bMcGraw-Hill, _c1964. |
||
| 300 |
_aix, 270 p. : _c23 cm. |
||
| 490 | 0 | _aInternational series in pure and applied mathematics | |
| 500 | _aindex | ||
| 650 | 0 |
_aMathematical analysis _966556 _vAnalyse mathématique |
|
| 942 |
_2ddc _cBK |
||
| 999 |
_c21551 _d21551 |
||